Information and communication technologies for development in Africa. volume 3 : (Record no. 13018)

MARC details
000 -LEADER
fixed length control field 00670cam a22001932 4500
001 - CONTROL NUMBER
control field 0000006087
005 - DATE AND TIME OF LATEST TRANSACTION
control field 20151217155830.0
008 - FIXED-LENGTH DATA ELEMENTS--GENERAL INFORMATION
fixed length control field 070913s xx 000 0 eng d
020 ## - INTERNATIONAL STANDARD BOOK NUMBER
International Standard Book Number 155256008 :
040 ## - CATALOGING SOURCE
Original cataloging agency KABU
Transcribing agency KABU
245 10 - TITLE STATEMENT
Title Information and communication technologies for development in Africa. volume 3 :
Remainder of title networking institutions of learning - SchoolNet /
Statement of responsibility, etc. ed. by Tina James.
260 ## - PUBLICATION, DISTRIBUTION, ETC. (IMPRINT)
Place of publication, distribution, etc. Ottawa :
Name of publisher, distributor, etc. IDRC,
Date of publication, distribution, etc. 2004.
300 ## - PHYSICAL DESCRIPTION
Extent xxvii, 264 p.
650 #0 - SUBJECT ADDED ENTRY--TOPICAL TERM
Topical term or geographic name as entry element Information technology
Geographic subdivision Africa.
-- 0000157469
700 1# - ADDED ENTRY--PERSONAL NAME
Personal name James, Tina.
-- 0000157470
908 ## - PUT COMMAND PARAMETER (RLIN)
Put command parameter 070913
950 ## - LOCAL HOLDINGS (RLIN)
-- 1
Holdings
Withdrawn status Lost status Source of classification or shelving scheme Not for loan Home library Current library Date acquired Total Checkouts Full call number Barcode Date last seen Price effective from Koha item type
    Library of Congress Classification   Kabarak, Main Campus Kabarak, Main Campus 17/12/2015   HC800 .Z9I55I54 010464 17/12/2015 17/12/2015 Africana Collection
Designed with assistance from East African Informatics Ltd